Estatísticas para Quiz de Temas Gerais #2

Clique aqui para jogar o quiz

Estatísticas Gerais

  • Esse quiz foi jogado 235 vezes
  • A pontuação média é 11 de 20

Estatísticas das Respostas

PerguntaResposta% Correto
Qual o plural de Pão?Pães
95%
Qual é o maior campeão da Champions League?Real Madrid
87%
Em qual país está localizado o Monte Fuji?Japão
77%
De qual cidade vieram os Beatles?Liverpool
76%
Qual elemento é representado pelo símbolo "Au"Ouro
72%
A Guerra de Secessão ocorreu em qual país?Estados Unidos
71%
Onde o Peter Pan mora?Terra do Nunca
70%
O Dr. Bruce Banner é o nome verdadeiro de qual herói?Hulk
69%
Qual país é conhecido pelos seus moinhos de ventos?Países Baixos
66%
Quem é o recordista de medalhas olímpicas?Michael Phelps
63%
Qual o lugar mais profundo dos oceanos?Fossa das Marianas
61%
Homem Vitruviano é um desenho de qual artista?Leonardo da Vinci
58%
Onde a bússola foi inventada?China
48%
Qual o nome do distúrbio genético que afeta a capacidade de escrita e leitura do indivíduo?Dislexia
48%
As esponjas fazem parte de qual Reino Biológico?Animal
34%
Quem foi a única pessoa na história a receber o Prêmio Nobel em áreas científicas diferentes?Marie Curie
34%
Qual a capital da Estônia?Talín
34%
Qual foi o primeiro país a abolir a escravidão?Dinamarca
13%
Quem foi o inventor da vacina?Edward Jenner
11%
Qual famosa banda americana era chamada originalmente de “Kara’s Flowers”?Maroon 5
10%

Distribuição das Pontuações

Percentil de Números Respondidos

Porcentagem de Pessoas com Cada Pontuação

Sua Pontuação Histórica

Você não jogou esse quiz